000 00355nam a22001577a 4500
003 MPLRDC
005 20220104124120.0
008 210129b ||||| |||| 00| 0 eng d
082 _a868.8 LZ
100 _a林臻
245 _a风下游拾
_c
260 _a
_b万里书局
_c1980
300 _b
650 _a新加坡文学
942 _cBK
_o868.8 LZ
999 _c16765
_d16755